A Just and modest vindication of the Protestants of Ireland : with reflections on a late pamphlet, intituled, The character of the Protestants of Ireland, &c.

Bibliographic Details
Format: Microform Book
Language:English
Series:Early English books, 1641-1700 ; 460:2.
Subjects:

MARC

Tag First Indicator Second Indicator Subfields
LEADER 00000cam a2200000 a 4500
001 in00000968614
005 20150927074321.0
007 hd afv|||baca
008 860319s1689 miu a 00000 eng d
035 |a (OCoLC)13312278 
035 |9 AEV4301AM 
037 |a CL0037000013  |b UMI 
037 |b University Microfilms International, 300 N. Zeeb Rd., Ann Arbor, MI 48106 
040 |a EAA  |c EAA  |d m/c  |d UtOrBLW 
049 |a TXAI 
099 |a film   |a  B   |a  3609 
245 0 2 |a A Just and modest vindication of the Protestants of Ireland :  |b with reflections on a late pamphlet, intituled, The character of the Protestants of Ireland, &c. 
264 3 |a London :  |b Printed for Tim. Goodwin ...,  |c 1689. 
300 |a 18 pages 
336 |a text  |b txt  |2 rdacontent 
337 |a microform  |b h  |2 rdamedia 
338 |a microfilm reel  |b hd  |2 rdacarrier 
500 |a Reproduction of original in Huntington Library. 
510 4 |a Wing  |c J1224 
510 4 |a Arber's Term cat.  |c II 323 
533 |a Microfilm.  |b Ann Arbor, Mich. :  |c University Microfilms,  |d 1973.  |e 1 microfilm reel : 35 mm.  |f (Early English books, 1641-1700 ; 460:2) 
500 |a Microform. 
600 1 0 |a Halifax, George Savile,  |c Marquis of,  |d 1633-1695.  |t Character of the Protestants of Ireland. 
650 0 |a Protestants  |z Ireland. 
651 0 |a Ireland  |x History  |y 17th century  |x Sources. 
830 0 |a Early English books, 1641-1700 ;  |v 460:2. 
999 |a MARS 
999 f f |s 2eb9fbdc-c657-3a26-8c91-628a4fc30c81  |i fe84b416-6de4-3f70-8568-edc3ff2e2b8a  |t 0 
952 f f |p default  |a Texas A&M University  |b College Station  |c Sterling C. Evans Library  |d Evans: Microforms (3rd floor)  |t 0  |e film B 3609 460:2  |h Other scheme  |i microform -- microfilm reel 
998 f f |a film B 3609 460:2  |t 0  |l Evans: Microforms (3rd floor)